000 00465nam a2200181Ia 4500
003 OSt
005 20240123160712.0
008 210210b1965 xxu||||| |||| 00| 0 eng d
040 _cAL
041 _aKannada
082 _a852/72
100 _aKANNADA SANGHA ಕನ್ನಡ ಸಂಘ
_9148953
245 _aKavishaila
_bಕವಿಶೈಲ
260 _aMaisuru
_bKannada Sanga
_c1965
690 _aKannada Prose
_9148954
906 _a018641
942 _2ddc
_cBK
999 _c142155
_d142155